[Event "Barcelona Sant Marti op-A 17th"]
[Site "Barcelona"]
[Date "2015.07.14"]
[Round "2"]
[White "Barragan Hernandez, Manel"]
[Black "Ofstad, Sigurd"]
[Result "0-1"]
[WhiteElo "1767"]
[BlackElo "2014"]
[PlyCount "52"]
[EventDate "2015.07.13"]
[EventType "swiss"]
[EventRounds "9"]
[EventCountry "ESP"]
[SourceTitle "CBM 167 Extra"]
[Source "ChessBase"]
[SourceDate "2015.09.14"]
[SourceVersion "1"]
[SourceVersionDate "2015.09.14"]
[SourceQuality "1"]

1. e4 d5 2. exd5 Qxd5 3. Nc3 Qa5 4. d4 Nf6 5. Nf3 Bf5 6. Bd2 c6 7. Bc4 e6 8. Nd5 Qd8 9. Nxf6+ gxf6 10. Bb3 Nd7 11. Qe2 Qc7 12. 0-0-0 0-0-0 13. Nh4 Bg6 14. g3 Bd6 15. f4 f5 16. Ng2 Nf6 17. Bxe6+ fxe6 18. Qxe6+ Nd7 19. Qb3 Rhe8 20. Ne3 Re4 21. Qd3 Nf6 22. Nc4 Bc5 23. c3 Bxd4 24. cxd4 Rdxd4 25. Ba5 Rxd3 26. Bxc7 Rxc4+ 0-1

[Event "San Sebastian op 37th"]
[Site "San Sebastian"]
[Date "2014.04.14"]
[Round "4"]
[White "Franco Alonso, Alejandro"]
[Black "Ofstad, Sigurd"]
[Result "1-0"]
[WhiteElo "2508"]
[BlackElo "2005"]
[PlyCount "75"]
[EventDate "2014.04.12"]
[EventType "swiss"]
[EventRounds "9"]
[EventCountry "ESP"]
[SourceTitle "CBM 159 Extra"]
[Source "ChessBase"]
[SourceDate "2014.04.24"]
[SourceVersion "1"]
[SourceVersionDate "2014.04.24"]
[SourceQuality "1"]

1. d4 f5 2. Nf3 Nf6 3. Bg5 e6 4. Nbd2 d5 5. e3 Bd6 6. c4 c6 7. Qc2 0-0 8. Bd3 Nbd7 9. 0-0 b6 10. cxd5 cxd5 11. Qc6 Qc7 12. Qxa8 Bb7 13. Qxa7 Ra8 14. Qxa8+ Bxa8 15. Rfc1 Qb8 16. Bb5 Nf8 17. g3 Ng6 18. Rc2 Bb7 19. Rac1 h6 20. Bf4 Nxf4 21. exf4 Kh7 22. Ne5 Ng4 23. Bd7 Qg8 24. Bc8 Bxe5 25. fxe5 Qf7 26. Bxb7 Qxb7 27. h3 Nxf2 28. Kxf2 Qa6 29. a3 Qd3 30. Nf3 Qb3 31. Rd2 Kg8 32. Rc8+ Kf7 33. Rc7+ Kg8 34. Re7 Kf8 35. Rxe6 Kf7 36. Rc6 Ke7 37. Rc7+ Kf8 38. e6 1-0

[Event "San Sebastian op 37th"]
[Site "San Sebastian"]
[Date "2014.04.13"]
[Round "2"]
[White "Thomassen, Joachim"]
[Black "Ofstad, Sigurd"]
[Result "0-1"]
[WhiteElo "2371"]
[BlackElo "2005"]
[PlyCount "70"]
[EventDate "2014.04.12"]
[EventType "swiss"]
[EventRounds "9"]
[EventCountry "ESP"]
[SourceTitle "CBM 159 Extra"]
[Source "ChessBase"]
[SourceDate "2014.04.24"]
[SourceVersion "1"]
[SourceVersionDate "2014.04.24"]
[SourceQuality "1"]

1. d4 f5 2. c4 Nf6 3. Nc3 d6 4. Bg5 Nbd7 5. Qc2 g6 6. 0-0-0 Bg7 7. h4 0-0 8. e3 c6 9. Be2 h6 10. Bxf6 Nxf6 11. Nh3 Qe8 12. d5 cxd5 13. cxd5 Bd7 14. Kb1 Rc8 15. Qd2 b5 16. Bf3 a5 17. Ne2 a4 18. Nd4 a3 19. b3 Ng4 20. Nf4 Qf7 21. Rhe1 g5 22. hxg5 hxg5 23. Nfe6 Bxe6 24. dxe6 Qf6 25. Re2 Ne5 26. Qb4 g4 27. Bd5 Rc5 28. e4 fxe4 29. Bxe4 Ng6 30. g3 Ne5 31. Qxa3 Nf3 32. Bxf3 gxf3 33. Red2 Rfc8 34. Qa7 Qg6+ 35. Kb2 b4 0-1

[Event "Barcelona Sant Marti op-A 15th"]
[Site "Barcelona"]
[Date "2013.07.20"]
[Round "8"]
[White "Meza Martinez, Alcides Ivan"]
[Black "Ofstad, Sigurd"]
[Result "1/2-1/2"]
[WhiteElo "2105"]
[BlackElo "2007"]
[PlyCount "172"]
[EventDate "2013.07.13"]
[EventType "swiss"]
[EventRounds "9"]
[EventCountry "ESP"]
[SourceTitle "CBM 155 Extra"]
[Source "ChessBase"]
[SourceDate "2013.08.26"]
[SourceVersion "1"]
[SourceVersionDate "2013.08.26"]
[SourceQuality "1"]

1. c4 f5 2. g3 Nf6 3. Bg2 g6 4. Nc3 Bg7 5. d3 0-0 6. e4 fxe4 7. dxe4 d6 8. Nge2 c5 9. 0-0 Nc6 10. f4 Be6 11. Nd5 Qd7 12. Nec3 Bh3 13. Be3 Bxg2 14. Nxf6+ Bxf6 15. Kxg2 Nd4 16. Rf2 Rab8 17. Qd3 a6 18. Raf1 b5 19. b3 Kh8 20. Ne2 bxc4 21. Qxc4 Rb4 22. Qd3 Qb7 23. Nc3 e6 24. g4 Rc8 25. g5 Bg7 26. Bxd4 Rxd4 27. Qf3 c4 28. e5 d5 29. bxc4 Rdxc4 30. Rb1 Qc6 31. Ne2 Rf8 32. Qd3 Qc5 33. Rf3 Rc8 34. Rb7 Qc6 35. Ra7 Bf8 36. Rh3 Rc7 37. Rxc7 Qxc7 38. Qxg6 Rc2 39. Qd3 Kg8 40. Qxa6 Rc6 41. Qd3 Rc2 42. Kf3 Bb4 43. Kg4 Rd2 44. Qb5 Qf7 45. Kg3 Rb2 46. Kf3 Qf5 47. Rg3 Qe4+ 48. Kg4 Qxe2+ 49. Qxe2 Rxe2 50. Rb3 Be7 51. Rb8+ Kg7 52. Rb7 Kf7 53. h4 Rxa2 54. h5 Ke8 55. g6 hxg6 56. hxg6 Rg2+ 57. Kh5 Rh2+ 58. Kg4 Rh4+ 59. Kf3 Rh6 60. Rb8+ Bd8 61. g7 Rg6 62. Rb7 Be7 63. f5 exf5 64. Kf4 Rxg7 65. Kxf5 Rg5+ 66. Ke6 d4 67. Rxe7+ Kf8 68. Rf7+ Ke8 69. Ra7 Rg6+ 70. Kf5 Rg1 71. Ke6 Rg6+ 72. Kd5 Rg4 73. e6 d3 74. Kd6 Rd4+ 75. Ke5 d2 76. Kxd4 d1Q+ 77. Ke5 Qe2+ 78. Kd6 Qd3+ 79. Kc6 Qc4+ 80. Kb7 Qxe6 81. Ra6 Qd5+ 82. Kb6 Kd7 83. Ra7+ Kd6 84. Rb7 Qc5+ 85. Ka6 Kc6 86. Rc7+ Kxc7 1/2-1/2

[Event "Barcelona Sant Marti op-A 15th"]
[Site "Barcelona"]
[Date "2013.07.18"]
[Round "6"]
[White "Ofstad, Sigurd"]
[Black "Vargas Drechsler, Carlos"]
[Result "1-0"]
[WhiteElo "2007"]
[BlackElo "1903"]
[PlyCount "51"]
[EventDate "2013.07.13"]
[EventType "swiss"]
[EventRounds "9"]
[EventCountry "ESP"]
[SourceTitle "CBM 155 Extra"]
[Source "ChessBase"]
[SourceDate "2013.08.26"]
[SourceVersion "1"]
[SourceVersionDate "2013.08.26"]
[SourceQuality "1"]

1. f4 e5 2. fxe5 d6 3. exd6 Bxd6 4. Nf3 g5 5. g3 g4 6. Nh4 Ne7 7. d4 Ng6 8. Nxg6 hxg6 9. Qd3 Nc6 10. c3 Bf5 11. Qe3+ Ne7 12. Bg2 c6 13. Qf2 Qb6 14. Nd2 Qa6 15. e4 0-0-0 16. Bf1 b5 17. Bd3 Qa5 18. exf5 Nd5 19. 0-0 Rh3 20. Ne4 Qc7 21. Nxd6+ Qxd6 22. Bf4 Qf8 23. fxg6 fxg6 24. Bg5 Qxf2+ 25. Rxf2 Rdh8 26. Bxg6 1-0

[Event "Barcelona Sant Marti op-A 15th"]
[Site "Barcelona"]
[Date "2013.07.13"]
[Round "1"]
[White "Perpinya Rofes, Lluis Maria"]
[Black "Ofstad, Sigurd"]
[Result "1-0"]
[WhiteElo "2400"]
[BlackElo "2007"]
[PlyCount "37"]
[EventDate "2013.07.13"]
[EventType "swiss"]
[EventRounds "9"]
[EventCountry "ESP"]
[SourceTitle "CBM 155 Extra"]
[Source "ChessBase"]
[SourceDate "2013.08.26"]
[SourceVersion "1"]
[SourceVersionDate "2013.08.26"]
[SourceQuality "1"]

1. e4 d5 2. exd5 Qxd5 3. Nc3 Qa5 4. d4 Nf6 5. Nf3 c6 6. Bc4 Bf5 7. Bd2 e6 8. Nd5 Qd8 9. Nxf6+ gxf6 10. Qe2 Bxc2 11. 0-0 Bg6 12. Rfe1 Qd6 13. Rad1 Nd7 14. g3 Nb6 15. Bf4 Qe7 16. d5 cxd5 17. Bxd5 Rd8 18. Qb5+ Qd7 19. Bxe6 1-0

[Event "Reykjavik op"]
[Site "Reykjavik"]
[Date "2013.02.26"]
[Round "9"]
[White "Ofstad, Sigurd"]
[Black "Frisk, Ellinor"]
[Result "1/2-1/2"]
[WhiteElo "1985"]
[BlackElo "2197"]
[PlyCount "79"]
[EventDate "2013.02.19"]
[EventType "swiss"]
[EventRounds "10"]
[EventCountry "ISL"]
[SourceTitle "CBM 153 Extra"]
[Source "ChessBase"]
[SourceDate "2013.04.22"]
[SourceVersion "1"]
[SourceVersionDate "2013.04.22"]
[SourceQuality "1"]

1. f4 c5 2. Nf3 g6 3. g3 Bg7 4. Bg2 Nc6 5. 0-0 e6 6. d3 Nge7 7. e4 0-0 8. c3 b6 9. Be3 Ba6 10. Bf2 Qc7 11. Re1 Rac8 12. Na3 d6 13. Nc2 Rfd8 14. Rc1 Qd7 15. Qd2 Rc7 16. d4 cxd4 17. cxd4 d5 18. e5 Rdc8 19. Na3 Na5 20. g4 Nc4 21. Nxc4 Rxc4 22. Bh4 Bf8 23. b3 Rxc1 24. Rxc1 Rxc1+ 25. Qxc1 Qc6 26. Qd2 Qb5 27. f5 exf5 28. Bxe7 Bxe7 29. gxf5 gxf5 30. Kf2 Qd3 31. Kg3 Qe4 32. Qf4 Bd3 33. h4 Qxf4+ 34. Kxf4 Be4 35. Bh3 Bxf3 36. Kxf3 Bxh4 37. Bxf5 Kf8 38. Bxh7 Ke7 39. Bf5 Bg5 40. Bc8 1/2-1/2

[Event "Reykjavik op"]
[Site "Reykjavik"]
[Date "2013.02.21"]
[Round "4"]
[White "Ofstad, Sigurd"]
[Black "Halldorsson, Jon Arni"]
[Result "1-0"]
[WhiteElo "1985"]
[BlackElo "2222"]
[PlyCount "65"]
[EventDate "2013.02.19"]
[EventType "swiss"]
[EventRounds "10"]
[EventCountry "ISL"]
[SourceTitle "CBM 153 Extra"]
[Source "ChessBase"]
[SourceDate "2013.04.22"]
[SourceVersion "1"]
[SourceVersionDate "2013.04.22"]
[SourceQuality "1"]

1. f4 d5 2. Nf3 Nf6 3. g3 c6 4. Bg2 Qb6 5. e3 g6 6. 0-0 Bg7 7. Kh1 0-0 8. Nc3 Re8 9. d3 Nbd7 10. e4 dxe4 11. dxe4 e5 12. f5 h6 13. Rb1 Kh7 14. Qe2 Qb4 15. a3 Qe7 16. b4 b5 17. Nd1 a5 18. Nf2 axb4 19. axb4 c5 20. g4 gxf5 21. g5 hxg5 22. Nxg5+ Kg8 23. exf5 Ra2 24. Nfe4 cxb4 25. Rg1 Bb7 26. Rb3 Rc8 27. Bb2 Kf8 28. Qd1 Nxe4 29. Nxe4 Nf6 30. Nxf6 Bxg2+ 31. Rxg2 Qxf6 32. Qb1 Ra4 33. Rh3 1-0

[Event "Reykjavik op"]
[Site "Reykjavik"]
[Date "2013.02.20"]
[Round "3"]
[White "Heimisson, Hilmir Freyr"]
[Black "Ofstad, Sigurd"]
[Result "0-1"]
[WhiteElo "1693"]
[BlackElo "1985"]
[PlyCount "31"]
[EventDate "2013.02.19"]
[EventType "swiss"]
[EventRounds "10"]
[EventCountry "ISL"]
[SourceTitle "CBM 153 Extra"]
[Source "ChessBase"]
[SourceDate "2013.04.22"]
[SourceVersion "1"]
[SourceVersionDate "2013.04.22"]
[SourceQuality "1"]

1. e4 d5 2. exd5 Qxd5 3. Nc3 Qa5 4. Bc4 Nf6 5. d3 c6 6. Qe2 Bf5 7. Bd2 Qc7 8. h3 Bg6 9. a4 Nbd7 10. f4 h6 11. Nf3 Qb6 12. Bb3 Nd5 13. 0-0-0 Bh7 14. Rhf1 0-0-0 15. Ne5 f6 16. a5 0-1

[Event "Reykjavik op"]
[Site "Reykjavik"]
[Date "2013.02.20"]
[Round "2"]
[White "Ofstad, Sigurd"]
[Black "Hauksdottir, Hrund"]
[Result "1/2-1/2"]
[WhiteElo "1985"]
[BlackElo "1671"]
[PlyCount "102"]
[EventDate "2013.02.19"]
[EventType "swiss"]
[EventRounds "10"]
[EventCountry "ISL"]
[SourceTitle "CBM 153 Extra"]
[Source "ChessBase"]
[SourceDate "2013.04.22"]
[SourceVersion "1"]
[SourceVersionDate "2013.04.22"]
[SourceQuality "1"]

1. f4 d5 2. Nf3 Nf6 3. g3 c6 4. Bg2 g6 5. c3 Bg7 6. d3 0-0 7. 0-0 Nbd7 8. Qc2 Re8 9. e4 dxe4 10. dxe4 e5 11. Nxe5 Nxe5 12. fxe5 Rxe5 13. Bf4 Re8 14. Nd2 Qb6+ 15. Kh1 Be6 16. Nb3 Ng4 17. Qe2 Ne5 18. Be3 Qc7 19. Qc2 Ng4 20. Bf4 Qb6 21. Qe2 Ne5 22. Be3 Qc7 23. Qc2 Bc4 24. Rfd1 Rad8 25. Rxd8 Rxd8 26. Rd1 Bd3 27. Qd2 Nc4 28. Bf4 Qe7 29. Qf2 f5 30. exf5 Bxf5 31. Re1 Qf7 32. Nd4 Rf8 33. Qe2 Nb6 34. Nxf5 Qxf5 35. Bd6 Rd8 36. Bf4 Nd5 37. Bc1 Nf6 38. Qc4+ Nd5 39. Rf1 Qe5 40. Bf4 Qe6 41. Bg5 Re8 42. Qc5 Qe5 43. Bc1 Ne3 44. Bxe3 Qxe3 45. Qc4+ Kh8 46. a4 Qe5 47. Qb4 Qe7 48. Qc4 Qe2 49. Qb4 Qe7 50. Qc4 Qe2 51. Qb4 Qe7 1/2-1/2

[Event "Stjernen CC-ch"]
[Site "Oslo"]
[Date "2011.04.12"]
[Round "7"]
[White "Sandnes, Jan Oddvar"]
[Black "Ofstad, Sigurd"]
[Result "0-1"]
[WhiteElo "1544"]
[BlackElo "1619"]
[PlyCount "78"]
[EventDate "2011.02.08"]
[EventType "swiss"]
[EventRounds "9"]
[EventCountry "NOR"]
[SourceTitle "EXT 2024"]
[Source "ChessBase"]
[SourceDate "2023.10.10"]
[SourceVersion "1"]
[SourceVersionDate "2023.10.10"]
[SourceQuality "1"]

1. e4 d5 2. exd5 Qxd5 3. Nc3 Qa5 4. d4 Nf6 5. Nf3 Bf5 6. Bb5+ c6 7. Bd3 e6 8. Qe2 Nbd7 9. Ne5 Bxd3 10. Nxd3 Bd6 11. Bd2 Qb6 12. Be3 Qa5 13. Bd2 Qc7 14. 0-0-0 0-0-0 15. Ne4 Nxe4 16. Qxe4 Nf6 17. Qe2 Rhe8 18. f4 Ne4 19. g3 g6 20. c4 Nf6 21. Bc3 Bf8 22. Qf3 Bg7 23. Ne5 Ng8 24. b4 f6 25. Nd3 Nh6 26. Rhe1 b6 27. Re2 Nf5 28. Nb2 Nd6 29. Rde1 f5 30. Nd3 Ne4 31. Ne5 Bxe5 32. dxe5 Qd7 33. Rc2 Qd3 34. Re3 Qxc4 35. Be1 Qd5 36. Rxc6+ Kb7 37. Rc2 Rc8 38. Rd3 Qxa2 39. Rdc3 Qa1# 0-1

[Event "NOR-chT Clubs"]
[Site "Drammen"]
[Date "2010.10.08"]
[Round "1.72"]
[White "Rosseland, Jon Birger"]
[Black "Ofstad, Sigurd"]
[Result "1/2-1/2"]
[WhiteElo "1083"]
[BlackElo "1624"]
[PlyCount "37"]
[EventDate "2010.10.08"]
[EventType "team"]
[EventRounds "6"]
[EventCountry "NOR"]
[SourceTitle "EXT 2015"]
[Source "ChessBase"]
[SourceDate "2014.11.20"]
[SourceVersion "1"]
[SourceVersionDate "2014.11.20"]
[SourceQuality "1"]
[WhiteTeam "Fredriksstad"]
[BlackTeam "Stjernen"]
[WhiteTeamCountry "NOR"]
[BlackTeamCountry "NOR"]

1. c4 f5 2. Nc3 Nf6 3. d4 g6 4. Bf4 Bg7 5. Nf3 d6 6. g3 c6 7. Bg2 Nh5 8. Qd2 Nxf4 9. Qxf4 0-0 10. Qe3 Qe8 11. 0-0 e5 12. Rfd1 e4 13. Ng5 h6 14. Nh3 Na6 15. f3 Be6 16. d5 cxd5 17. cxd5 Bd7 18. fxe4 fxe4 19. Qxe4 1/2-1/2

[Event "Stjernen Autumn"]
[Site "Oslo"]
[Date "2009.10.13"]
[Round "5"]
[White "Haanshuus, Aslak"]
[Black "Ofstad, Sigurd"]
[Result "0-1"]
[WhiteElo "1723"]
[BlackElo "1571"]
[PlyCount "96"]
[EventDate "2009.09.01"]
[EventType "swiss"]
[EventRounds "9"]
[EventCountry "NOR"]
[SourceTitle "EXT 2024"]
[Source "ChessBase"]
[SourceDate "2023.10.10"]
[SourceVersion "1"]
[SourceVersionDate "2023.10.10"]
[SourceQuality "1"]

1. d4 f5 2. Bg5 h6 3. Bh4 g5 4. e4 Rh7 5. Qh5+ Rf7 6. Nf3 Nf6 7. Qg6 Nc6 8. Bxg5 fxe4 9. Ne5 Nxe5 10. dxe5 hxg5 11. exf6 exf6 12. Be2 d5 13. Bh5 Be6 14. Qh7 Qd7 15. Bxf7+ Bxf7 16. Nc3 0-0-0 17. 0-0-0 f5 18. g4 d4 19. Ne2 d3 20. Rd2 Bc5 21. cxd3 Bxf2 22. Qxf5 Qxf5 23. gxf5 Be3 24. d4 c5 25. b3 Bh5 26. Ng3 Bf3 27. Re1 Bf4 28. Kc2 e3 29. Rd3 cxd4 30. Kb2 Rh8 31. Rc1+ Kb8 32. Rc2 Be5 33. Kc1 g4 34. Rc5 Bxg3 35. hxg3 Rh1+ 36. Kb2 e2 37. Rxd4 Rd1 38. Rdc4 a6 39. Rc8+ Ka7 40. Re8 e1Q 41. Rxe1 Rxe1 42. f6 Re8 43. Kc3 Rf8 44. Rf4 Kb6 45. Kd4 Kc6 46. Ke5 Kd7 47. Kf5 Ke8 48. Kg6 Rg8+ 0-1

[Event "Oslo Advent Star op"]
[Site "Oslo"]
[Date "2007.12.02"]
[Round "5"]
[White "Ali, Karim"]
[Black "Ofstad, Sigurd"]
[Result "0-1"]
[WhiteElo "1597"]
[BlackElo "1475"]
[PlyCount "97"]
[EventDate "2007.11.??"]
[EventType "swiss"]
[EventRounds "6"]
[EventCountry "NOR"]
[SourceTitle "EXT 2010"]
[Source "ChessBase"]
[SourceDate "2010.11.25"]
[SourceVersion "1"]
[SourceVersionDate "2010.11.25"]
[SourceQuality "1"]

1. e4 d5 2. exd5 Qxd5 3. Nc3 Qa5 4. d4 Nf6 5. Bd2 c6 6. Bc4 Bf5 7. Nd5 Qd8 8. Nxf6+ gxf6 9. Bc3 e6 10. f3 Bd6 11. Qd2 Qc7 12. Ne2 Nd7 13. g3 Nb6 14. Bd3 Bg6 15. b3 Nd5 16. Bb2 a5 17. a3 b6 18. c4 Ne7 19. Rd1 Rd8 20. Qh6 Rg8 21. Bxg6 hxg6 22. Qh7 Rf8 23. Kf2 Nf5 24. g4 Ne7 25. Nc3 f5 26. h3 Kd7 27. c5 Bg3+ 28. Kg2 b5 29. Ne2 Bf4 30. Nxf4 Qxf4 31. Bc1 Qc7 32. Qh6 Nd5 33. Qg7 Kc8 34. Qe5 Qd7 35. Qe1 Qc7 36. Bd2 b4 37. axb4 axb4 38. Bxb4 Nf4+ 39. Kf2 Rd5 40. Ra1 Nd3+ 41. Kg2 Nxe1+ 42. Rhxe1 Qb7 43. Ra4 Rxd4 44. Rea1 Kb8 45. Be1 Rxa4 46. Rxa4 Kc8 47. Rb4 Qa6 48. Bg3 Qa2+ 49. Kg1 0-1

[Event "Oslo Advent Star op"]
[Site "Oslo"]
[Date "2007.12.02"]
[Round "6"]
[White "Harestad, Hans Krogh"]
[Black "Ofstad, Sigurd"]
[Result "1-0"]
[WhiteElo "2224"]
[BlackElo "1475"]
[PlyCount "67"]
[EventDate "2007.11.??"]
[EventType "swiss"]
[EventRounds "6"]
[EventCountry "NOR"]
[SourceTitle "EXT 2010"]
[Source "ChessBase"]
[SourceDate "2010.11.25"]
[SourceVersion "1"]
[SourceVersionDate "2010.11.25"]
[SourceQuality "1"]

1. d4 f5 2. e4 fxe4 3. Nc3 Nf6 4. Bg5 c6 5. Bxf6 exf6 6. Nxe4 d5 7. Ng3 Bd6 8. Bd3 Qe7+ 9. N1e2 Bg4 10. Qd2 Nd7 11. 0-0 0-0-0 12. Rfe1 Qf7 13. f3 Be6 14. Nf4 Bxf4 15. Qxf4 g6 16. b4 h5 17. Bxg6 Qxg6 18. Rxe6 Rdg8 19. Re2 Rh7 20. Nf5 Kd8 21. g3 Qg5 22. Qxg5 Rxg5 23. Nd6 f5 24. f4 Rg8 25. Nxf5 Nf6 26. Kh1 Ne4 27. c4 Rf8 28. Nh4 Rf6 29. Nf3 Kc7 30. Rc1 Kd6 31. cxd5 cxd5 32. Rec2 Re6 33. Ne5 Rf6 34. Rc6+ 1-0